Zászlónk

Bibliographic Details
Format: Serial
Language:Hungarian
PhysicalDescription:zv. 30 cm
Published: Budapest Zászlónk Stúdió 1902-
ISSN:0865-3631
Subjects:

MARC

LEADER 00000cas a2200000 a 4500
001 vtls001484298
003 SK-MaSNL
005 20260425194131.0
008 041027c19029999hu mr 0 0 0hun c
022 |a 0865-3631 
035 |a SNK000439592 
040 |a SNK  |b slo  |c SNK  |e AACR2 
041 0 |a hun 
044 |a hu  |c HU 
072 7 |a 37  |x Výchova a vzdelávanie  |2 konspekt 
072 7 |a 316.3  |x Globálne spoločnosti. Sociálna štruktúra. Sociálne skupiny  |2 konspekt 
080 |a 37.01/.09  |2 2011 
080 |a 316.346.32-053.6  |2 2011 
080 |a 050  |2 2011 
080 |a 2(051)  |2 2011 
210 0 |a Zászlónk  |b (Bp., 1902) 
222 0 |a Zászlónk  |b (Budapest. 1902) 
245 0 0 |a Zászlónk 
260 |a Budapest  |b Zászlónk Stúdió  |c 1902- 
300 |a zv.  |c 30 cm 
310 |a 10x ročne 
362 0 |a 1.évf. 1.sz. (1902. szept. 15.)-1948. jan. ; 1. = 47.évf. 1.sz. (1990. jan.)-  |z ISSN/2017 
500 |a Nevychádzal: 17.évf. 4/5.sz. (1918. dec./1919. jan.)-18.évf. 1.sz. (1919. okt. 15.), 43.évf. 3.sz. (1944. dec.)-1945. dec., od októbra 1945 čitateľov informovali na rôznych letákoch 
500 |a Aktuálny podnázov: katolikus diáklap 
525 |a Príloha: Fakadó rügyek (1902-1911) 
525 |a Mimoriadne číslo: Jamboree szám (1933/1934), Várjuk a Szentatyát (1990/1991) 
650 0 7 |a vzdelávanie  |2 SNKPH  |9 4033 
650 0 7 |a mládež  |2 SNKPH  |9 1575 
655 7 |a náboženské časopisy  |2 SNKPH  |9 70790 
910 |a snk 
999 |c 4801  |d 6731 
952 |t č. 1-12  |a SNK  |b SNK  |y PREZ  |7 0  |p 17A0418573  |o snkČB 2517/38/1939-1940  |i snkČIK 165/58  |8 3  |0 0  |1 1  |4 0  |d 2004-10-27  |l 0  |r 2005-01-02 00:00:00  |w 2026-02-21 
952 |t č. 1-12  |a SNK  |b SNK  |y PREZ  |7 0  |p 17A0418604  |o snkČB 2517/39/1940-1941  |i snkČIK 166/58  |8 3  |0 0  |1 1  |4 0  |d 2004-10-27  |l 0  |r 2005-01-02 00:00:00  |w 2026-02-21